| 000 | 00783nam a2200217 a 4500 | ||
|---|---|---|---|
| 003 | BD-DhJNU | ||
| 005 | 20250701062025.0 | ||
| 008 | 150310s2015 bg b 000 0 eng | ||
| 020 | _a9789849003939 | ||
| 040 |
_aBD-DhJNU _bENG _cBD-DhJNU _dBD-DhJNU |
||
| 082 | 0 | 0 |
_a324.209 JAP _223 |
| 100 | 1 | _aJahan, Rounaq | |
| 245 | 1 | 0 |
_aPolitical parties in Bangladesh : _bchallenges of democratization / _cRounaq Jahan |
| 264 | 1 |
_aDhaka : _bProthoma Prokashan in association with Centre for Policy Dialogue, _c2015. |
|
| 300 |
_axix, 211 p. ; _c22 cm. |
||
| 504 | _aIncludes bibliographical references (pages 199-212). | ||
| 650 | 0 |
_aPolitical parties _zBangladesh. |
|
| 651 | 0 |
_aBangladesh _xPolitics and government _y1971- |
|
| 710 | 2 | _aCentre for Policy Dialogue (Bangladesh). | |
| 942 | _cBK | ||
| 999 |
_c1857 _d1857 |
||